[Event "TCh-YUG Women"]
[Site "Herceg Novi YUG"]
[Date "2001.05.22"]
[Round "9"]
[White "Khurtsidze,N"]
[Black "Petrovic,Ma"]
[Result "0-1"]
[WhiteElo "2456"]
[BlackElo "2212"]

1.d4 Nf6 2.c4 g6 3.Nf3 Bg7 4.g3 O-O 5.Bg2 d6 6.Nc3 Nc6 7.d5 Na5 8.Nd2 c5
9.Rb1 Rb8 10.Qc2 a6 11.a3 b5 12.cxb5 axb5 13.b4 cxb4 14.axb4 Nc4 15.Nxc4 bxc4
16.O-O Bd7 17.h3 Qc7 18.e4 Rb7 19.Bd2 Rfb8 20.Ne2 c3 21.Qxc3 Nxd5 22.Qxc7 Nxc7
23.Rfc1 Nb5 24.e5 Ra7 25.exd6 exd6 26.Nc3 Nd4 27.Rd1 Bf5 28.Be4 Ra3 29.Bxf5 Nf3+
30.Kg2 Nxd2 31.Nd5 Nxb1 32.Bxb1 Ra1 33.Bc2 Rxd1 34.Bxd1 Kf8 35.Be2 Bd4 36.Ba6 Ke8
37.b5 Kd7 38.f4 Bb6 39.g4 Ke6 40.Nb4 d5 41.Kf3 Kd6 42.g5 Re8 43.Bb7 d4 44.Be4 Kc5
45.Nd3+ Kxb5 46.f5 Bc7 47.f6 Kc4 48.Nb2+ Kc3 49.Nd1+ Kd2 50.Nf2 Re5 51.h4 Ra5
52.Bc6 Rf5+ 53.Kg2 Ke2 54.Ng4 Rf4 55.Nh6 d3 56.Bb5 Rxh4 57.Nxf7 Ke3  0-1

[Event "IHEM"]
[Site "Hamburg GER"]
[Date "2001.06.04"]
[Round "3"]
[White "Kopylov,M"]
[Black "Engelbert,C"]
[Result "1-0"]
[WhiteElo "2444"]
[BlackElo "2238"]

1.d4 g6 2.Nf3 Bg7 3.g3 Nf6 4.Bg2 O-O 5.c4 d6 6.O-O c6 7.Nc3 Qa5 8.h3 Be6
9.Qd3 Qa6 10.b3 d5 11.Ne5 Rd8 12.c5 Qxd3 13.exd3 Nfd7 14.Re1 Bxe5 15.dxe5 Nxc5
16.Ba3 Nba6 17.d4 Ne4 18.Ne2 Nc7 19.f3 Nb5 20.Bb2 Ng5 21.h4 Nh3+ 22.Kh2 Nf2
23.Nf4 Bf5 24.Bf1 h6 25.g4 Nxg4+ 26.fxg4 Bxg4 27.Bd3 e6 28.Rg1 h5 29.Raf1 Nc7
30.Ba3 Ne8 31.Ng2 Ng7 32.Ne3 Bf5 33.Nxf5 exf5 34.Bxf5 gxf5 35.Rxf5 Kh7 36.Rxf7 Rg8
37.Be7 Kh6 38.Bg5+  1-0

[Event "IHEM"]
[Site "Hamburg GER"]
[Date "2001.06.08"]
[Round "7"]
[White "Loeffler,S"]
[Black "Lanka,Z"]
[Result "0-1"]
[WhiteElo "2413"]
[BlackElo "2483"]

1.d4 Nf6 2.Nf3 g6 3.c4 Bg7 4.g3 O-O 5.Bg2 d6 6.Nc3 a6 7.b3 Nc6 8.Bb2 Rb8
9.d5 Na5 10.a4 c5 11.O-O e5 12.dxe6 fxe6 13.Qc2 Qe7 14.Rad1 b6 15.Ng5 Ne8
16.h4 Bb7 17.Bxb7 Rxb7 18.Qe4 Rf6 19.Qe3 h6 20.Nh3 Rf5 21.Nf4 Qf7 22.Qe4 Re7
23.Qc2 Nc6 24.Ne4 Bxb2 25.Nxd6 Nxd6 26.Rxd6 Nd4 27.Qxb2 Rxf4 28.Rd8+ Kg7
29.gxf4 Qxf4 30.Rd1 Rf7 31.f3 e5 32.Kg2 Qxh4 33.Rb8 e4 34.Rf1 Qg5+ 35.Kh1 Qe5
36.Rd8  0-1

[Event "ch-IND"]
[Site "New Delhi IND"]
[Date "2001.06.09"]
[Round "16"]
[White "Ravi,L"]
[Black "Saravanan,V"]
[Result "1/2-1/2"]
[WhiteElo "2381"]
[BlackElo "2428"]

1.d4 Nf6 2.Nf3 g6 3.g3 Bg7 4.Bg2 O-O 5.c4 d6 6.Nc3 c6 7.O-O Qa5 8.e4 Bg4
9.h3 Bxf3 10.Bxf3 Nfd7 11.Qd2 Na6 12.Rb1 c5 13.d5 Nb6 14.Be2 Na4 15.Nxa4 Qxa4
16.b3 Qb4 17.a3 Qxd2 18.Bxd2 Rfe8 19.Bd3 b6 20.b4 cxb4 21.axb4 Nb8 22.Rfc1 Nd7
23.Be3 Red8 24.Bc2 a5 25.Ba4 axb4 26.Bxd7 Rxd7 27.Rxb4 Rb7 28.Rxb6 Rxb6 29.Bxb6 Kf8
30.Kg2 Ke8 31.Be3 Ra4 32.g4 Kd7 33.Kf3 Ra3 34.Ke2 Ra4 35.Rc2 e6 36.g5 Be5
37.Kf3 Ra3 38.Ke2 Rc3 39.Rxc3 Bxc3 40.Kd3 Bb2 41.Kc2 Ba1 42.Kb3 Be5 43.Kb4 Bb2
44.Kb5 Bc3 45.dxe6+ fxe6 46.f4 Bb2 47.Kb6 d5 48.c5 d4 49.Bd2 Kc8 50.Kc6 Bc3
51.Bc1 d3 52.Kd6 d2 53.Bxd2 Bxd2 54.Kxe6 Bxf4 55.Kf6 Be3 56.c6 Bd4+ 57.e5 Kc7
58.Kg7 Kxc6 59.Kxh7 Kd5 60.Kxg6 Ke6 61.h4 Bxe5 62.Kh6 Kf5 63.g6 Kg4 64.h5 Bf6
65.g7 Bxg7+ 66.Kxg7  1/2-1/2

[Event "White Nights"]
[Site "St Petersburg RUS"]
[Date "2001.06.13"]
[Round "5"]
[White "Bratchenko,A"]
[Black "Loginov,Va"]
[Result "0-1"]
[WhiteElo "2383"]
[BlackElo "2499"]

1.d4 Nf6 2.Nf3 g6 3.c4 Bg7 4.g3 O-O 5.Bg2 d6 6.Nc3 c6 7.O-O Bf5 8.b3 Ne4
9.Bb2 Nxc3 10.Bxc3 Be4 11.Qd2 Nd7 12.Rad1 d5 13.Nh4 Bxg2 14.Nxg2 Nf6 15.f3 Qd7
16.Qc2 dxc4 17.bxc4 b5 18.e4 Rfc8 19.e5 Ne8 20.f4 e6 21.Ba5 bxc4 22.Ne3 Rab8
23.a4 Rb3 24.Nxc4 Rcb8 25.Rf2 h5 26.Be1 Nc7 27.Na5 R3b6 28.Nc4 Rb3 29.Na5 R3b6
30.Nc4 Ra6 31.Rf3 Nd5 32.Rb3 Rxb3 33.Qxb3 Bf8 34.a5 c5 35.Bf2 Rc6 36.dxc5 Bxc5
37.Bxc5 Rxc5 38.Nd6 Qc7 39.a6 Rc2 40.Qb5 Nc3 41.Qe8+ Kg7 42.Rd3 Qb6+  0-1

[Event "Hotel Lippa GM"]
[Site "Szentgotthard HUN"]
[Date "2001.06.13"]
[Round "1"]
[White "Kovacs,Ga2"]
[Black "Rajlich,V"]
[Result "1-0"]
[WhiteElo "2366"]
[BlackElo "2337"]

1.d4 Nf6 2.Nf3 g6 3.c4 Bg7 4.g3 O-O 5.Bg2 d6 6.Nc3 Nbd7 7.O-O e5 8.e4 c6
9.h3 Qb6 10.Re1 exd4 11.Nxd4 Ne8 12.Nb3 a5 13.Be3 Qb4 14.Rc1 a4 15.Nd4 Qxb2
16.f4 Qb4 17.Bf1 Nc5 18.Qd2 Qa5 19.Rb1 Nf6 20.Bf2 Re8 21.Qc2 Nfd7 22.Red1 Ra6
23.Nde2 Bf8 24.Be1 Qd8 25.Rb4 Qe7 26.Bg2 Nf6 27.Rd4 Bg7 28.Rb1 Nfd7 29.Rdd1 Nb6
30.Rb4 Be6 31.Bf2 Bxc4 32.Nd4 Nd3 33.Rxd3 Bxd3 34.Qxd3 c5 35.Rxb6 Rxb6 36.Nd5 Qd8
37.Nxb6 Qxb6 38.Nb5 Bf8 39.Bf1 Qc6 40.Nc3 c4 41.Qd5 Qxd5 42.Nxd5 Bg7 43.Bxc4 Rxe4
44.Bd3 Re8 45.Kg2 Kf8 46.Kf3 Rc8 47.Be3 Bb2 48.Ke2 Bc1 49.Bd4 Ba3 50.Nb6 Re8+
51.Kf2 Bb4 52.Nd7+ Ke7 53.Nf6 Bc5 54.Bxc5 Kxf6 55.Bxd6 Rc8 56.a3 Ke6 57.Bb4 Kd5
58.Bb5 Ra8 59.Ke3 f6 60.g4 h5 61.gxh5 gxh5 62.Be2 Rg8 63.Bxh5 Rg3+ 64.Bf3+ Kc4
65.h4 Rh3 66.h5 Rh2 67.Bf8 b5 68.h6 b4 69.Bxb4 Rxh6 70.Be2+ Kd5 71.Bf3+ Ke6
72.Bc6 Rh3+ 73.Kf2 f5 74.Ke2 Rh2+ 75.Kd3 Rh3+ 76.Kc2 Rh2+ 77.Bd2 Rh3 78.Bc1 Rh2+
79.Kd3 Rh3+ 80.Be3 Rh8 81.Bxa4 Rd8+ 82.Bd4 Ra8 83.Bb3+ Kd6 84.a4 Rh8 85.Bxh8  1-0

[Event "White Nights"]
[Site "St Petersburg RUS"]
[Date "2001.06.14"]
[Round "6"]
[White "Yandarbiev,R"]
[Black "Kovalevskaya,E"]
[Result "1/2-1/2"]
[WhiteElo "2360"]
[BlackElo "2506"]

1.d4 Nf6 2.c4 d6 3.Nf3 g6 4.g3 Bg7 5.Bg2 O-O 6.O-O Nbd7 7.Nc3 e5 8.e4 exd4
9.Nxd4 Re8 10.h3 Nc5 11.Re1 a5 12.b3 h6 13.Rb1 Nh7 14.Kh2 c6 15.Be3 Ng5 16.f3 h5
17.Qd2 Nge6 18.Rbd1 h4 19.g4 a4 20.b4 Nd7 21.f4 Nb6 22.Bf1 a3 23.g5 Qc7 24.Kh1 Nf8
25.Bf2 Ne6 26.f5 Nxd4 27.Bxd4 Be5 28.Bxe5 Rxe5 29.f6 Be6 30.Qf4 Bxc4 31.Qxh4 Qd8
32.Bg2 Be6 33.Rd4 Qf8 34.Red1 Rd8 35.Qf4 Rd7 36.Bf1 Qd8 37.h4 c5 38.bxc5 Rxc5
39.Nb5 Bxa2 40.Nxa3 Bb3 41.Rb1 Ba2 42.Rb2 Be6 43.Bb5 Qa8 44.Rd3 Rd8 45.Qe3 Bc4
46.Rxd6 Rxd6 47.Qxc5 Rd1+ 48.Kg2 Bxb5 49.Qxb5 Nd7 50.Qb3 Rd4 51.Nb5 Nc5 52.Qa2 Ra4
53.Qd5 Ne6 54.Qe5 Ra2 55.Nd6 Qa3 56.Rxa2 Qxa2+ 57.Kh3 Qb1 58.Kg2 Qc2+ 59.Kf1 Qd1+
60.Kf2 Qd2+ 61.Kf1 b6 62.Nb5 Qd1+  1/2-1/2

[Event "White Nights"]
[Site "St Petersburg RUS"]
[Date "2001.06.16"]
[Round "8"]
[White "Bratchenko,A"]
[Black "Sudakova,I"]
[Result "1/2-1/2"]
[WhiteElo "2383"]
[BlackElo "2256"]

1.d4 Nf6 2.Nf3 g6 3.c4 Bg7 4.g3 O-O 5.Bg2 d6 6.O-O Nbd7 7.Nc3 e5 8.e4 exd4
9.Nxd4 Re8 10.h3 a6 11.Re1 Rb8 12.a4 a5 13.Ndb5 b6 14.Bg5 h6 15.Bf4 Bb7 16.Qc2 Nc5
17.Rad1 Nfd7 18.Be3 Ne5 19.b3 Nc6 20.Nd5 Rc8 21.f3 Ne7 22.h4 Nxd5 23.exd5 Ra8
24.Nd4 Re7 25.Bf2 Rxe1+ 26.Rxe1 Qd7 27.Kh2 Re8 28.Rxe8+ Qxe8 29.h5 Bc8 30.hxg6 fxg6
31.Bh3 Bxh3 32.Kxh3 Kh7 33.Nb5 Qe7 34.Bxc5 dxc5 35.Kg2 Qe1 36.Qd3 Be5 37.f4 Bd6
38.Nc3 Qe8 39.Ne4 Be7 40.Nf2 Bf6 41.Qe4 Qxe4+ 42.Nxe4 Be7 43.g4 Kg7 44.Kf3 Kf7
45.f5 Bd6 46.fxg6+ Kxg6 47.Nf2 h5 48.Ne4 hxg4+ 49.Kxg4 Be5 50.Ng5 Bd6 51.Nh3 Kf6
52.Kf3 Kf5 53.Nf2 Be5  1/2-1/2

[Event "Hotel Lippa IM"]
[Site "Szentgotthard HUN"]
[Date "2001.06.20"]
[Round "8"]
[White "Kiss,At"]
[Black "Meszaros,T"]
[Result "0-1"]
[WhiteElo "2346"]
[BlackElo "2268"]

1.d4 Nf6 2.Nf3 g6 3.c4 Bg7 4.g3 O-O 5.Bg2 d6 6.Nc3 Nbd7 7.O-O e5 8.h3 exd4
9.Nxd4 Re8 10.e4 Nc5 11.Re1 a5 12.Rb1 h6 13.Ndb5 Nfd7 14.Be3 Ne5 15.b3 Ned3
16.Re2 c6 17.Nd4 Ne5 18.Rd2 Qc7 19.Qc2 Ned7 20.Rbd1 Nf6 21.Nde2 Bf8 22.Bf4 Re6
23.g4 Bd7 24.Bg3 Rae8 25.f3 Rd8 26.Nf4 Ree8 27.Nd3 Qb6 28.Bf2 Qc7 29.Bg3 Qb6
30.Kh1 Ne6 31.Na4 Qa7 32.e5 dxe5 33.Bxe5 Nh7 34.c5 Bc8 35.Qc3 Be7 36.a3 Nhf8
37.f4 Nd7 38.Bd6 Bxd6 39.cxd6 Qe3 40.Re1 Qg3 41.Rde2 Rf8 42.Re3 Qh4 43.f5 Ng7
44.fxg6 fxg6 45.Re7 Qf6 46.Qc4+ Kh8 47.Qc1 g5 48.Nac5 Nxc5 49.Nxc5 Rxd6 50.Nxb7 Bxb7
51.Rxb7 Rfd8 52.Qc5 Ne6 53.Qc2 Rd3 54.Qe2 Nf4 55.Qe8+ Qf8 56.Qe5+ Kg8 57.Bf1 R3d7
58.Bc4+ Kh7 59.Qe4+ Kh8 60.Rxd7 Rxd7 61.Qxc6 Rd6 62.Qf3 Rf6 63.Re5 Qxa3 64.Qc3 Kg7
65.Rxa5 Qe7 66.Qd4 Qe1+ 67.Kh2 Qxa5 68.Qd7+ Kf8 69.Qc8+ Ke7 70.Qb7+ Kd6 71.Qb8+ Qc7
72.Qb4+ Kd7 73.Bb5+ Kc8  0-1

[Event "Open"]
[Site "Batumi GEO"]
[Date "2001.06.27"]
[Round "2"]
[White "Bagaturov,G"]
[Black "Gogochuri,L"]
[Result "1-0"]
[WhiteElo "2521"]
[BlackElo "2094"]

1.d4 Nf6 2.c4 g6 3.Nf3 Bg7 4.g3 O-O 5.Bg2 d6 6.Nc3 Nbd7 7.O-O Re8 8.e4 e5
9.h3 exd4 10.Nxd4 Nc5 11.Re1 a5 12.Qc2 h6 13.Be3 Qe7 14.Rad1 Bd7 15.Ndb5 Bxb5
16.cxb5 Nfd7 17.Nd5 Qd8 18.Qd2 Kh7 19.Bd4 Bf8 20.Qf4 Kg8 21.Bxc5 Nxc5 22.Nf6+ Kg7
23.Nxe8+ Qxe8 24.e5 Qxb5 25.Qf6+ Kg8 26.Bd5 Bg7 27.Bxf7+ Kh8 28.Qxg6 dxe5
29.Rxe5 Qb6 30.Red5 Rf8 31.Qxb6 cxb6 32.Rd8 Kh7 33.Rxf8 Bxf8 34.Bc4 Kg6 35.b3 Kf6
36.Kg2 Ne4 37.Rd7 Bc5  1-0

[Event "Open"]
[Site "Batumi GEO"]
[Date "2001.06.28"]
[Round "3"]
[White "Pantsulaia,L"]
[Black "Bagaturov,G"]
[Result "1/2-1/2"]
[WhiteElo "2327"]
[BlackElo "2521"]

1.d4 Nf6 2.c4 g6 3.Nf3 Bg7 4.g3 O-O 5.Bg2 d6 6.O-O c5 7.d5 a6 8.Nc3 e6 9.a4 exd5
10.cxd5 Re8 11.h3 Nbd7 12.Nd2 Rb8 13.Nc4 Nb6 14.Na3 Bd7 15.e4 Qc7 16.Be3 Nxa4
17.Nxa4 Nxe4 18.Nc2 b5 19.Nc3 Nxc3 20.bxc3 a5 21.Bd2 b4 22.Qf3 Bf5 23.Ne3 Be4
24.Qxe4 Rxe4 25.Bxe4 c4 26.Ra4 f5 27.Bf3 Rb5 28.Rc1 Qb8 29.Nxc4 bxc3 30.Bxc3 Bxc3
31.Rxc3 Rb1+ 32.Kg2 Qe8 33.Nd2 Qxa4 34.Nxb1 Qb4 35.Rc8+ Kg7 36.Nc3 a4 37.Be2 a3
38.Na2 Qe4+ 39.Bf3 Qb1 40.Nc3 a2 41.Rc6 a1=Q 42.Nxb1 Qxb1 43.Rxd6 h5 44.h4 Qb4
45.Re6 Kf7 46.Re3 Qd4 47.Re1 Qb4  1/2-1/2

[Event "Open"]
[Site "Batumi GEO"]
[Date "2001.06.28"]
[Round "3"]
[White "Supatashvili,K"]
[Black "Mamedov,N"]
[Result "1-0"]
[WhiteElo "2469"]
[BlackElo "2389"]

1.d4 Nf6 2.c4 g6 3.g3 Bg7 4.Bg2 O-O 5.Nf3 d6 6.O-O Nc6 7.Nc3 a6 8.e4 Rb8
9.d5 Na5 10.c5 dxc5 11.e5 Ne8 12.Qe2 b5 13.Rd1 Bg4 14.h3 Bxf3 15.Bxf3 Nc4
16.Bf4 g5 17.b3 gxf4 18.bxc4 fxg3 19.fxg3 bxc4 20.Rac1 Rb6 21.h4 Qb8 22.Re1 e6
23.Qxc4 exd5 24.Nxd5 Re6 25.Qxc5 Qb5 26.Ne7+ Kh8 27.Qxb5 axb5 28.Nc6 Bh6
29.Rcd1 Ng7 30.g4 Bf4 31.Kg2 h5 32.Rd8 Rxd8 33.Nxd8 hxg4 34.Bd5 Ra6 35.Nxf7+ Kh7
36.e6 c6 37.Bb3 c5 38.Bd5 c4 39.Re2 Kg6 40.e7 Ne8 41.Nd8 Ng7 42.Ne6  1-0

[Event "Narciso Yepes"]
[Site "Lorca ESP"]
[Date "2001.06.29"]
[Round "8"]
[White "Braga,F"]
[Black "Ibarra Jerez,JC"]
[Result "0-1"]
[WhiteElo "2410"]
[BlackElo "2238"]

1.d4 Nf6 2.c4 g6 3.Nf3 Bg7 4.g3 O-O 5.Bg2 d6 6.O-O c5 7.Nc3 Nc6 8.d5 Na5
9.Nd2 a6 10.Qc2 Rb8 11.b3 b5 12.Bb2 Bh6 13.f4 bxc4 14.bxc4 e5 15.dxe6 Bxe6
16.Nd5 Rxb2 17.Qxb2 Bg7 18.Qc1 Ng4 19.Ne4 Nxc4 20.Rd1 Bxd5 21.Rxd5 Nge3 22.Rd3 Bb2
23.Qb1 Nxg2 24.Rb3 Bxa1 25.Qxa1 f5 26.Rb7 Rf7 27.Rxf7 Kxf7 28.Ng5+ Kg8 29.Kxg2 Qe7
30.Qb1 Qxe2+ 31.Kh3 Nb2 32.Qh1 Qg4+ 33.Kg2 Qd1  0-1

[Event "Open"]
[Site "Batumi GEO"]
[Date "2001.06.30"]
[Round "5"]
[White "Mchedlishvili,M"]
[Black "Mgeladze,T"]
[Result "1-0"]
[WhiteElo "2416"]
[BlackElo "2288"]

1.d4 Nf6 2.Nf3 g6 3.c4 Bg7 4.g3 O-O 5.Bg2 d6 6.O-O Nc6 7.Nc3 Rb8 8.e4 Bg4
9.Be3 Nd7 10.Qd2 e5 11.d5 Bxf3 12.Bxf3 Nd4 13.Bg2 c5 14.dxc6 bxc6 15.f4 Qb6
16.Rf2 Qa6 17.Qd3 Rb4 18.Bf1 Rfb8 19.Rb1 f5 20.exf5 Nxf5 21.b3 d5 22.Bd2 e4
23.Nxe4 Bd4 24.cxd5 Qxd3 25.Bxd3 cxd5 26.Bxb4 dxe4 27.Bc4+ Kg7 28.Be1 Nf6
29.Rd1 Rd8 30.Rxd4 Nxd4 31.Bc3 Kh6 32.Kg2 e3 33.Bxd4 Rxd4 34.Re2 g5 35.fxg5+ Kxg5
36.Rxe3 Rd7 37.Re5+ Kg6 38.Kf3 h6 39.Ra5 Re7 40.Ra6 Kf5 41.h3 h5 42.Ra5+ Kg6
43.Bd3+ Kh6 44.Kf4 Rd7 45.Bf5 Re7 46.Ra6 Kg7  1-0

[Event "Open"]
[Site "Karvina CZE"]
[Date "2001.07.01"]
[Round "2"]
[White "Chetverik,M"]
[Black "Zimniok,L"]
[Result "1-0"]
[WhiteElo "2336"]
[BlackElo "2181"]

1.d4 Nf6 2.c4 d6 3.Nf3 g6 4.g3 Bg7 5.Bg2 O-O 6.O-O c6 7.Nc3 Na6 8.h3 Rb8
9.e4 Nd7 10.Qe2 e5 11.Be3 Ra8 12.Rad1 Re8 13.d5 c5 14.a3 f5 15.exf5 gxf5
16.Ng5 Nf6 17.Ne6 Bxe6 18.dxe6 Qe7 19.Qf3 e4 20.Qxf5 Qxe6 21.Qxe6+ Rxe6 22.Bf4 Rd8
23.Rd2 Nh5 24.Nxe4 Nxf4 25.gxf4 Bd4 26.Ng5 Rf6 27.Bd5+ Kh8 28.Nf7+ Rxf7 29.Bxf7  1-0

[Event "Sub-zt 2.3.2"]
[Site "Managua NCA"]
[Date "2001.07.01"]
[Round "2"]
[White "Minero Pineda,S"]
[Black "Juarez Flores,G"]
[Result "1-0"]
[WhiteElo "2412"]
[BlackElo "2236"]

1.Nf3 Nf6 2.c4 d6 3.d4 g6 4.g3 Bg7 5.Bg2 O-O 6.Nc3 Nbd7 7.O-O e5 8.h3 Re8
9.Be3 h6 10.Qd2 Kh7 11.Rfd1 c6 12.dxe5 dxe5 13.Rac1 Qa5 14.Ne4 Qxd2 15.Nfxd2 Bf8
16.Nxf6+ Nxf6 17.Nb3 Nd7 18.Na5 e4 19.Nxb7 Rb8 20.Nd6 Bxd6 21.Rxd6 Rxb2 22.Rxc6 Rxa2
23.Rc7 Rxe2 24.Bxa7 Ne5 25.Bd4 Nf3+ 26.Bxf3 exf3 27.Rxf7+ Kg8 28.Rg7+ Kf8
29.Rxg6 R8e4 30.Rxh6 Be6 31.Be3 Kg7 32.Rh4 R4xe3 33.fxe3 Rg2+ 34.Kh1 Rxg3
35.Rg1  1-0

[Event "6th Leg Russian Cup"]
[Site "Tomsk RUS"]
[Date "2001.07.01"]
[Round "2"]
[White "Vaulin,A"]
[Black "Kurnosov,I"]
[Result "1/2-1/2"]
[WhiteElo "2540"]
[BlackElo "2375"]

1.d4 Nf6 2.Nf3 g6 3.c4 Bg7 4.g3 O-O 5.Bg2 d6 6.O-O Nc6 7.Nc3 Bf5 8.b3 e5
9.d5 Ne7 10.Ne1 e4 11.Bb2 c6 12.Nc2 Qd7 13.Ne3 Bh3 14.Qd2 Bxg2 15.Kxg2 cxd5
16.Ncxd5 Nfxd5 17.Nxd5 Bxb2 18.Nxe7+ Qxe7 19.Qxb2 Rac8 20.Rad1 Rc5 21.Qd4 Rd8
22.Rd2 b6 23.Rfd1 Qe6 24.Qe3 Rh5 25.h4 Ra5 26.a4 h5 27.Rd5 Rxd5 28.Rxd5 Rc8
29.Rd4 f5 30.Qd2 Rc6 31.f3 exf3+ 32.exf3 Kh7 33.Rd3 Qf6 34.Kf2 Kg7 35.Kg2 Kh7
36.Rd5 Qe6 37.Kf2 Qf6 38.a5 Qe6 39.Qd4 Qe7 40.a6 Qg7 41.b4 Qc7  1/2-1/2

[Event "Open"]
[Site "Batumi GEO"]
[Date "2001.07.03"]
[Round "7"]
[White "Gagunashvili,M"]
[Black "Mamedov,Rau"]
[Result "0-1"]
[WhiteElo "2414"]
[BlackElo "2306"]

1.d4 Nf6 2.c4 g6 3.Nf3 Bg7 4.g3 O-O 5.Bg2 d6 6.Nc3 Nbd7 7.O-O e5 8.e4 exd4
9.Nxd4 a6 10.h3 Re8 11.Be3 Rb8 12.a4 c6 13.a5 Ne5 14.b3 c5 15.Nde2 Nc6 16.Qb1 b6
17.axb6 Qxb6 18.Ra3 Nd4 19.Nxd4 cxd4 20.Na4 Qb4 21.Bc1 Qxc4 22.Bd2 Qb5 23.Rc1 Bb7
24.f3 Nh5 25.Be1 Rbc8 26.b4 Rxc1 27.Qxc1 Rc8 28.Qd2 Qc6 29.g4 Qc1 30.Ra2 Nf4
31.Kh2 Be5 32.Bg3 d3 33.h4 Qxd2 34.Rxd2 Rc2 35.Be1 Ne2+ 36.Kh1 Rc1  0-1

[Event "Glorney Cup"]
[Site "Hyerois FRA"]
[Date "2001.07.09"]
[Round "3"]
[White "Sedlacek,J"]
[Black "Burenkov,I"]
[Result "1-0"]
[WhiteElo "2125"]
[BlackElo "2210"]

1.d4 Nf6 2.g3 g6 3.Bg2 Bg7 4.c4 d6 5.Nf3 O-O 6.O-O Nbd7 7.Nc3 c6 8.Qc2 Qc7
9.Bd2 e5 10.Rac1 Ng4 11.d5 c5 12.Ng5 a6 13.h3 Ngf6 14.f4 h6 15.Nf3 Nh5 16.Kh2 f5
17.e4 exf4 18.gxf4 Nb6 19.Nh4 Kh7 20.Bf3 Qe7 21.Nxg6 Kxg6 22.Rg1+ Kh7 23.Bxh5 Nxc4
24.exf5 Bxf5 25.Bg6+ Bxg6 26.Rxg6 Kh8 27.Rcg1 Rf7 28.Be1 Re8 29.Re6 Qf8 30.Bg3 Bd4
31.Rge1 Ne3 32.Qd3 Rxe6 33.dxe6 Rxf4 34.e7 Rf2+ 35.Kg1 Rg2+ 36.Kh1 Qxe7 37.Rxe3 Rg1+
38.Kxg1 Bxe3+ 39.Kg2 Bd4 40.Ne2 Qf6  1-0

[Event "ch-SUI"]
[Site "Scuol SUI"]
[Date "2001.07.18"]
[Round "7"]
[White "Nemet,I"]
[Black "Golubev,M"]
[Result "0-1"]
[WhiteElo "2427"]
[BlackElo "2526"]

1.d4 Nf6 2.Nf3 g6 3.c4 Bg7 4.g3 O-O 5.Bg2 d6 6.O-O Nbd7 7.Nc3 e5 8.d5 a5
9.e4 Nc5 10.Ne1 Nfd7 11.Nd3 Nxd3 12.Qxd3 f5 13.f3 f4 14.Bd2 Nc5 15.Qc2 Bd7
16.b3 h5 17.Rab1 Bf6 18.a3 a4 19.bxa4 b6 20.Nb5 fxg3 21.hxg3 h4 22.gxh4 Bxh4
23.Kh2 Kg7 24.Rh1 Rh8 25.Kg1 Bg3 26.Be3 Rxh1+ 27.Bxh1 Nxa4 28.Kf1 Nc5 29.Bg2 Bxb5
30.cxb5 Rxa3 31.Qc1 Ra2 32.Ra1 Nb3 33.Rxa2 Nxc1 34.Bxc1 Qe8 35.Rb2 Bf4 36.Bxf4 exf4
37.Bh3 Kf6 38.Bg4 Ke5 39.Ke2 Kd4 40.Kd2 Qa8 41.Rb4+ Kc5 42.Rb2 Qa5+ 43.Kc2 Qa4+
44.Kb1 Qd1+ 45.Ka2 Kc4 46.Be6 Qxf3 47.e5 Kd4  0-1

[Event "Heart of Finland Open"]
[Site "Jyvaskyla FIN"]
[Date "2001.07.19"]
[Round "3"]
[White "Solozhenkin,E"]
[Black "Pettersson,T"]
[Result "1-0"]
[WhiteElo "2496"]
[BlackElo "2037"]

1.d4 Nf6 2.c4 g6 3.g3 Bg7 4.Bg2 d6 5.Nf3 O-O 6.O-O Nc6 7.Nc3 Bf5 8.d5 Na5
9.Nd2 c6 10.dxc6 Nxc6 11.Nb3 Qc7 12.Bg5 Qd7 13.Rc1 Rac8 14.e4 Bg4 15.f3 Bh3
16.Qe2 Bxg2 17.Kxg2 h6 18.Be3 b6 19.Nd5 Kh7 20.Rfd1 Qb7 21.Nd2 Nd7 22.Nb1 Rfd8
23.Bf2 Nc5 24.Nbc3 Ne6 25.Rd2 Ne5 26.b3 Nc5 27.Nb5 Nc6 28.Rcd1 a6 29.Nd4 Nxd4
30.Bxd4 Bxd4 31.Rxd4 Ne6 32.R4d2 Rb8 33.f4 Kg7 34.f5 Nf8 35.h4 gxf5 36.exf5 e6
37.Qg4+ Kh7 38.fxe6 fxe6 39.Qe4+ Kg7 40.Nc3 Qe7 41.Rxd6 Rxd6 42.Qe5+ Qf6
43.Qxf6+ Kxf6 44.Ne4+ Ke7 45.Rxd6 Nd7 46.Rc6 Rb7 47.c5 a5 48.Nd6 Nb8 49.Rc8 Rd7
50.Rxb8 bxc5 51.Nc4  1-0

[Event "Czech Open"]
[Site "Pardubice CZE"]
[Date "2001.07.20"]
[Round "1"]
[White "Fridman,D"]
[Black "Bjornsson,S"]
[Result "1-0"]
[WhiteElo "2562"]
[BlackElo "2297"]

1.Nf3 Nf6 2.c4 g6 3.d4 Bg7 4.g3 O-O 5.Bg2 d6 6.O-O Nbd7 7.Nc3 e5 8.e4 exd4
9.Nxd4 Re8 10.Re1 a6 11.f4 Rb8 12.Nb3 Nb6 13.Na5 Be6 14.Qd3 c6 15.Rd1 Ng4
16.h3 Nd7 17.hxg4 Qxa5 18.g5 Nc5 19.Qc2 Qb4 20.Be3 Bxc4 21.Rxd6 Be6 22.Rad1 Bg4
23.R1d4 Qb6 24.Rc4 Qc7 25.Bxc5 b6 26.Ba3 c5 27.e5 b5 28.Rxc5 Qa7 29.Nd5 b4
30.Nxb4 Bf5 31.Qc3 Rb5 32.Nc6 Qb7 33.Rxb5 Qxb5 34.Bf1 Qb6+ 35.Qc5 Qc7 36.Qa5 Qb7
37.Bxa6 Qa8 38.Qb6 Be4 39.Kf2 Bf8 40.Rd8 Rxd8 41.Qxd8 Bxc6 42.Qxf8+  1-0

[Event "3rd Open"]
[Site "Patras GRE"]
[Date "2001.07.20"]
[Round "3"]
[White "Khurtsidze,N"]
[Black "Banikas,H"]
[Result "1-0"]
[WhiteElo "2446"]
[BlackElo "2531"]

1.d4 Nf6 2.c4 g6 3.Nf3 Bg7 4.g3 O-O 5.Bg2 d6 6.O-O Nbd7 7.Nc3 e5 8.h3 exd4
9.Nxd4 Re8 10.e4 Nc5 11.Re1 Bd7 12.Bf4 h6 13.Qc2 Qc8 14.Kh2 h5 15.Rad1 h4
16.g4 Bxg4 17.hxg4 Nxg4+ 18.Kg1 Ne5 19.Nd5 h3 20.Bf1 c6 21.Ne3 Ne6 22.Bxe5 Bxe5
23.Nxe6 Qxe6 24.Qe2 Kg7 25.Ng4 Rh8 26.Nxe5 dxe5 27.b3 Rh4 28.Rd3 Rah8 29.Red1 Rf4
30.Rd6 Qe7 31.R1d3 h2+ 32.Kh1 Qh4 33.Rh3 Qf6 34.Rd2 Rd8 35.Rxh2 Rxe4 36.Qxe4 Rxd2
37.Qe3 Rxa2 38.Qh3 Kf8 39.Qc8+ Ke7 40.Qc7+ Kf8 41.Qc8+ Ke7 42.Qxb7+ Kd6 43.Rh3 e4
44.Qb8+ Kc5 45.b4+ Kd4 46.Qg3 Rc2 47.Qe3+ Ke5 48.Bd3 Rxf2 49.Qc5+ Ke6 50.Qxc6+ Ke5
51.Qd5+  1-0

[Event "Wilbert Paige Mem"]
[Site "New York USA"]
[Date "2001.07.21"]
[Round "7"]
[White "Solomon,K"]
[Black "Colding,E"]
[Result "1/2-1/2"]
[WhiteElo "2290"]
[BlackElo "2258"]

1.d4 Nf6 2.Nf3 g6 3.c4 Bg7 4.g3 O-O 5.Bg2 d6 6.Nc3 Nbd7 7.O-O e5 8.e4 c6
9.Re1 exd4 10.Nxd4 Ng4 11.h3 Qb6 12.hxg4 Qxd4 13.Bf4 Qxd1 14.Raxd1 Ne5 15.Bxe5 Bxe5
16.f4 Bxc3 17.bxc3 Bxg4 18.Rxd6 Be6 19.Bf1 c5 20.Red1 Bg4 21.R1d2 Rfe8 22.Bg2 Be6
23.e5 Rab8 24.Bd5 Bg4 25.Kf2 Kf8 26.Rf6 Re7 27.e6 Rd8 28.Rb2 Rd6 29.Rxf7+ Rxf7
30.exf7 b6 31.Ke3 Be6 32.Ke4 Bxf7 33.Ke5 Rd7 34.g4 h6 35.a4 Re7+ 36.Kf6 Rd7
37.Rh2 h5 38.gxh5 gxh5 39.Ke5 Be8 40.f5 Rh7 41.a5 h4 42.axb6 axb6 43.Rb2 Rh6
44.f6 h3 45.Rxb6 h2 46.Rb1 Rh8 47.Kd6 Rh6 48.Ke5 Rh5+ 49.Kf4 Rh4+ 50.Ke5 Rh5+  1/2-1/2

[Event "3rd Open"]
[Site "Patras GRE"]
[Date "2001.07.22"]
[Round "5"]
[White "Khurtsidze,N"]
[Black "Krakops,M"]
[Result "1/2-1/2"]
[WhiteElo "2446"]
[BlackElo "2509"]

1.d4 Nf6 2.c4 g6 3.Nf3 Bg7 4.g3 O-O 5.Bg2 d6 6.O-O Nc6 7.d5 Na5 8.Nfd2 c5
9.a3 b6 10.b4 Nb7 11.Bb2 Bg4 12.h3 Bd7 13.Nc3 cxb4 14.axb4 a5 15.Qb3 axb4
16.Qxb4 Qc7 17.Nce4 Nxe4 18.Bxg7  1/2-1/2

[Event "Dutch Open"]
[Site "Dieren NED"]
[Date "2001.07.23"]
[Round "6"]
[White "Rogozenko,D"]
[Black "Afek,Y"]
[Result "1/2-1/2"]
[WhiteElo "2548"]
[BlackElo "2381"]

1.d4 Nf6 2.Nf3 g6 3.c4 Bg7 4.g3 O-O 5.Bg2 d6 6.O-O Nc6 7.Nc3 Rb8 8.h3 a6
9.e4 e5 10.d5 Ne7 11.a4 Ne8 12.Ne1 f5 13.f4 exf4 14.Bxf4 fxe4 15.Nxe4 Bxb2
16.Rb1 Bg7 17.Qd2 Bf5 18.g4 Bxe4 19.Bxe4 Nf6 20.Bg2 h5 21.Nf3 Ne4 22.Qe3 Nc5
23.Bg5 Re8 24.Rbe1 hxg4 25.hxg4 Nxd5 26.Qxe8+ Qxe8 27.Rxe8+ Rxe8 28.cxd5 Nxa4
29.Nh4 Bd4+ 30.Kh2 Kg7 31.Nf3 Bb2 32.Bd2 Re2 33.Rb1 b5 34.Ba5 Rc2 35.Ne1 Be5+
36.Kh3 Re2 37.Nf3 Nc3 38.Rc1 Re3 39.Kh4 g5+ 40.Kh5 Bf6 41.Nxg5 Re5 42.Rxc3 Rxg5+
43.Kh4 Rg6+ 44.g5 Bxg5+ 45.Kh3 Bf4 46.Bxc7 Kf6 47.Be4 Rg7 48.Rc6 Ke5 49.Bg2 Kf5
50.Bf1 Rg3+ 51.Kh2 Ra3+ 52.Kg1 Ke4 53.Bg2+ Kd4 54.Bxd6 Ra1+ 55.Kf2 Ra2+ 56.Kf1 Ra1+
57.Ke2 Ra2+ 58.Kf3 Kxd5 59.Kxf4+ Rxg2 60.Rxa6 Rg6 61.Ke3 Rxd6 62.Rxd6+  1/2-1/2

[Event "3rd Open"]
[Site "Patras GRE"]
[Date "2001.07.25"]
[Round "8"]
[White "Mastrovasilis,A"]
[Black "Gogolis,A"]
[Result "1-0"]
[WhiteElo "2441"]
[BlackElo "2225"]

1.d4 Nf6 2.c4 g6 3.Nf3 Bg7 4.g3 O-O 5.Bg2 d6 6.O-O Nbd7 7.Nc3 a6 8.d5 Nc5
9.Be3 Re8 10.b4 Ncd7 11.Rc1 a5 12.a3 Nb6 13.Qb3 Ng4 14.Bd4 e5 15.dxe6 Bxe6
16.Bxb6 cxb6 17.Rfd1 axb4 18.Qxb4 Bf8 19.Qb3 Nf6 20.Nd4 Nd7 21.Nd5 Ra6 22.Nb5 Nc5
23.Qb2 Bg7 24.Qa2 Rf8 25.Ndc7 Ra4 26.Rxd6 Qg5 27.e3 Be5 28.Nxe6 fxe6 29.f4 Qh6
30.Rxb6 Ra6 31.Rxa6 bxa6 32.Nd4 Rd8 33.Nc6 Bc7 34.Nxd8 Bxd8 35.Rd1 Bc7 36.Qb2 Qh5
37.Qd4 Bb6 38.Rb1  1-0

[Event "Open"]
[Site "Novosibirsk RUS"]
[Date "2001.07.26"]
[Round "8"]
[White "Bocharov,D"]
[Black "Abashev,D"]
[Result "1/2-1/2"]
[WhiteElo "2385"]
[BlackElo "2395"]

1.d4 Nf6 2.Nf3 g6 3.c4 Bg7 4.g3 O-O 5.Bg2 d6 6.O-O Nc6 7.Nc3 a6 8.d5 Na5
9.b3 c5 10.dxc6 bxc6 11.Bd2 Rb8 12.Qc1 c5 13.Bh6 Nc6 14.Rd1 Qa5 15.Bxg7 Kxg7
16.h3 Bb7 17.g4 Nb4 18.g5 Ne4 19.Nh2 Nxc3 20.Qxc3+ Kg8 21.Ng4 h5 22.gxh6 f6
23.Qe3 Qc7 24.a3 Nc6 25.Rab1 a5 26.Rb2 Kh7 27.Qg3 Nd4 28.e3 Nf5 29.Qf4 Bxg2
30.Kxg2 Qc6+ 31.Kg1 a4 32.b4 cxb4 33.Rxb4 Rxb4 34.axb4 e5 35.b5 Qb7 36.Qh2  1/2-1/2